<?xml version="1.0" encoding="UTF-8"?><?xml-stylesheet type="text/xsl" href="static/style.xsl"?><OAI-PMH xmlns="http://www.openarchives.org/OAI/2.0/" xmlns:xsi="http://www.w3.org/2001/XMLSchema-instance" xsi:schemaLocation="http://www.openarchives.org/OAI/2.0/ http://www.openarchives.org/OAI/2.0/OAI-PMH.xsd"><responseDate>2026-04-28T19:36:46Z</responseDate><request verb="GetRecord" identifier="oai:uvadoc.uva.es:10324/60433" metadataPrefix="marc">https://uvadoc.uva.es/oai/request</request><GetRecord><record><header><identifier>oai:uvadoc.uva.es:10324/60433</identifier><datestamp>2023-07-28T10:55:22Z</datestamp><setSpec>com_10324_38</setSpec><setSpec>col_10324_852</setSpec></header><metadata><record xmlns="http://www.loc.gov/MARC21/slim" xmlns:doc="http://www.lyncode.com/xoai" xmlns:xsi="http://www.w3.org/2001/XMLSchema-instance" xmlns:dcterms="http://purl.org/dc/terms/" xsi:schemaLocation="http://www.loc.gov/MARC21/slim http://www.loc.gov/standards/marcxml/schema/MARC21slim.xsd">
<leader>00925njm 22002777a 4500</leader>
<datafield tag="042" ind1=" " ind2=" ">
<subfield code="a">dc</subfield>
</datafield>
<datafield tag="720" ind1=" " ind2=" ">
<subfield code="a">Carrascosa Muelas, Beatriz</subfield>
<subfield code="e">author</subfield>
</datafield>
<datafield tag="260" ind1=" " ind2=" ">
<subfield code="c">2023</subfield>
</datafield>
<datafield tag="520" ind1=" " ind2=" ">
<subfield code="a">El SCORE2 (Systematic Coronary Risk Evaluation) y SCORE2-OP (Older Persons) calcula el riesgo de sufrir un evento cardiovascular mortal o no mortal en un periodo de diez años. Sus objetivos son el cálculo del Riesgo Cardiovascular en pacientes entre 64-74 años y el análisis de Factores de Riesgo Cardiovascular. Es un estudio observacional descriptivo y transversal, en una población general del Área de Salud Valladolid Este (Centro de salud Rondilla I). Se utiliza la tabla SCORE2 entre 64 y 69 años y SCORE2-OP entre 70 y 74 años. El RCV se clasifica en “bajo”, “moderado” y “alto”: &lt;5%, 5 a &lt;10% y >=10% (SCORE2) y &lt;7,5%, 7,5 a &lt;15% y >=15% (SCORE2-OP). Como resultado, los grupos de 65, 67 y 68 años, la mayoría tienen un “riesgo moderado” con leve tendencia hacia un “riesgo alto” y el 38% de mujeres de 64 años presentan tendencia hacia un “riesgo leve”. Además, todos los grupos de hombres tienden a un “riesgo moderado” y los grupos con “riesgo bajo” son mujeres. El estudio concluye que las tablas deben ser instrumentos de apoyo para tomar decisiones en la práctica clínica en adultos mayores y ancianos. Los modificadores del riesgo cardiovascular alteran y dificultan su estimación. El control del RCV global posee un efecto sinérgico sobre el RCV total y mejora del pronóstico en casos de RCV alto.</subfield>
</datafield>
<datafield tag="024" ind2=" " ind1="8">
<subfield code="a">https://uvadoc.uva.es/handle/10324/60433</subfield>
</datafield>
<datafield ind1=" " ind2=" " tag="653">
<subfield code="a">Cardiovascular, Aparato - Enfermedades</subfield>
</datafield>
<datafield ind1=" " ind2=" " tag="653">
<subfield code="a">Colesterol</subfield>
</datafield>
<datafield tag="245" ind1="0" ind2="0">
<subfield code="a">Aplicación de la nueva escala SCORE2/SCORE2-OP en un grupo poblacional de un centro de salud urbano.</subfield>
</datafield>
</record></metadata></record></GetRecord></OAI-PMH>